000 01337nam a2200265Ia 4500
999 _c40866
_d40866
001 7510
003 GE_BSU
005 20200109105752.0
008 181216s2013||||ge |||||||||||||| ||geo||
020 _a9789941220333
040 _cGE_BSU
041 _ageo
080 _a1(092) ა-30
100 _aავალიანი, სერგი
_9356
245 _aჩემი განვლილი ფილოსოფიური ცხოვრების ნიშანსვეტები /
_cსერგი ავალიანი ; რედ. ტარიელ რეხვიაშვილი.
264 _aთბილისი :
_bუნივერსალი,
_c2013.
300 _a143 გვ.;
_b21 სმ.
504 _aბიბლიოგრ. თავების ბოლოს
653 _a ქართველი ფილოსოფოსები
653 _aმეცნიერული ონტოლოგია
653 _aფსევდოაბსოლუტურის ფილოსოფია
700 _aრეხვიაშვილი, ტარიელ
_eრედაქტორი
_96032
710 _aსაქართველოს ფილოსოფიური მეცნიერებათა აკადემია
_96033
942 _cBK
_2udc